000 00844nam a2200205 i 4500
001 180417
003 ES-MaACL
005 20250815113047.0
008 120601s1968 sp | |||| ||spa d
080 _a543(043.2)
100 1 _aIzquierdo Irazu, Álvaro.
_9150302
245 1 0 _aSobre la reaccionabilidad y aplicaciones analíticas de los isonitrosoacetilderivados de aminas n-sustituidas y de sus isatoximas /
_cpor Álvaro Izquierdo Irazu.
260 _a[Barcelona] :
_bUniversidad de Barcelona, Secretariado de Publicaciones Intercambio Científico y Extensión Universitaria,
_c[1968]
300 _a21 p. ;
_c24 cm.
502 _aResumen de tesis--Universidad de Barcelona.
650 7 _aQuímica orgánica
_2embne
_9136799
710 2 _aUniversidad de Barcelona.
_97141
852 _aES-MaACL
_jE-15362(12)
999 _c180417
_d180417